000 00285nam a22001217a 4500
008 171123b xxu||||| |||| 00| 0 eng d
041 _aeng
080 _22ND
_a62
100 _a27
101 _aMEK
245 _aENGINEERING MECHANICS OF DEFORMABLE BODIES
_cBYARS,E,F
942 _2udc
_cBK
999 _c38352
_d38352